| 000 | 00861nam a2200205Ii 4500 | ||
|---|---|---|---|
| 003 | JO-AjNU | ||
| 008 | 230605s9999||||xx |||||||||||||| ||und|| | ||
| 040 |
_aJO-AjNU _bara _erda _cJO-AjNU |
||
| 041 | _aara | ||
| 050 | 1 | 4 | _aHB75.S2.1982 |
| 100 | 3 |
_aالصدر، محمد باقر, _eauthor _947112 |
|
| 245 | 0 | 0 | _aاقتصادنا:دراسة موضوعية تتناول بالنقد والبحث المذاهب الاقتصادية للماركسية واراسمالية والاسلام في اسسها الفكرية وتفاصيلها |
| 250 | _aط جديدة مزيدة ومنقحة | ||
| 264 | 3 | 1 | _aبيروت:دار الكتاب اللبناني ومكتبة المدرسة،1982 |
| 300 | _a712 | ||
| 336 |
_atext _btxt _2rdacontent |
||
| 337 |
_aunmediated _bn _2rdamedia |
||
| 338 |
_avolume _bnc _2rdacarrier |
||
| 650 | 4 |
_aالاقتصاد _947113 |
|
| 999 |
_aA20543 _c24111 _d24111 |
||